Kitap Tırtılı / (Record no. 23509)

MARC details
000 -BAŞLIK
Sabit Uzunluktaki Kontrol Alanı 00686nam a22002177a 4500
003 - KONTROL NUMARASI KİMLİĞİ
Kontrol Alanı koha_MIRAKIL
005 - EN SON İŞLEM TARİHİ ve ZAMANI
Kontrol Alanı 20260416111839.0
008 - SABİT UZUNLUKTAKİ VERİ ÖGELERİ - GENEL BİLGİ
Sabit Alan 260416b tur||||| |||| 00| 0 tur d
020 ## - ISBN - ULUSLARARASI STANDART KİTAP NUMARASI
Isbn 9786056797279
040 ## - KATALOGLAMA KAYNAĞI
Özgün Kataloglama Kurumu TR-IsEVY
Kataloglama Dili tur
Çeviri Kurumu TR-IsEVY
082 ## - DEWEY ONU SINIFLAMA SİSTEMİ
Sınıflama Numarası FIC BAH/K
100 ## - KİŞİ ADI
Yazar Adı (Kişi adı) Bahar, Burcu
245 #0 - ESER ADI BİLDİRİMİ
Başlık Kitap Tırtılı /
Sorumluluk Bildirimi Burcu Bahar ; resimleyen AYşe Seda Denizer.
250 ## - BASIM BİLDİRİMİ
Basım Bildirimi 5. bs.
260 ## - YAYIN, DAĞITIM, VB.
Yayın Yeri İstanbul :
Yayınevi Niva Kids,
Yayın Tarihi 2022.
300 ## - FİZİKSEL TANIMLAMA
Sayfa, Cilt vb. 16 s. :
Diğer fiziki detaylar renkli resimli ;
Boyutları 24X21 cm.
490 0# - DİZİ BİLDİRİMİ
Dizi Bildirimi Lezzetli Hikayeler Serisi ; 4.
650 ## - KONU BAŞLIĞI EK GİRİŞ - KONU TERİMİ
Konusal terim veya coğrafi ad Çocuk Edebiyatı.
Alt başlık biçimi Çocuk Hikayeleri.
-- Resimli Kitaplar.
700 1# - EK GİRİŞ - KİŞİ ADI
Yazar Adı (Kişi adı) Denizer, Ayşe Seda.
Ünvan resimleyen.
942 ## - EK GİRİŞ ÖGELERİ (KOHA)
Source of classification or shelving scheme Dewey Decimal Classification
Koha item type Kitap
Holdings
Kayıp Durumu Sınıflandırma Kaynağı Hasarlı Durumu Koleksiyon Kodu Kalıcı Konum Mevcut Konum Kayıt Tarih Edinim Kaynağı Toplam Ödünçverme Yer Numarası Demirbaş Numarası Son Görülme Tarihi Fatura Tarihi Materyal Türü
  Dewey Decimal Classification   İlkokul İLKOKUL KÜTÜPHANESİ İLKOKUL KÜTÜPHANESİ 16/04/2026 Bağış   FIC BAH/K 25120 16/04/2026 16/04/2026 Kitap